f1 champions(1950-2025) - Statistiques

Statistiques générales
  • Ce quiz a été pris 32 fois
  • Le résultat moyen est 47 sur 76
Statistiques - réponses
Année Champion % Correct
2025 Lando Norris
95%
2020 Lewis Hamilton
95%
2022 Max Verstappen
95%
2024 Max Verstappen
95%
2021 Max Verstappen
91%
2018 Lewis Hamilton
86%
2023 Max Verstappen
86%
2006 Fernando Alonso
82%
2014 Lewis Hamilton
82%
2016 Nico Rosberg
82%
2013 Sebastian Vettel
82%
2012 Sebastian Vettel
82%
2005 Fernando Alonso
77%
2009 Jenson Button
77%
2007 Kimi Räikkönen
77%
2015 Lewis Hamilton
77%
2019 Lewis Hamilton
77%
2008 Lewis Hamilton
77%
2000 Michael Schumacher
77%
2003 Michael Schumacher
77%
2001 Michael Schumacher
77%
2004 Michael Schumacher
77%
2002 Michael Schumacher
77%
2010 Sebastian Vettel
77%
2011 Sebastian Vettel
77%
2017 Lewis Hamilton
73%
1956 Juan Manuel Fangio
68%
1951 Juan Manuel Fangio
68%
1994 Michael Schumacher
68%
1999 Mika Häkkinen
68%
1997 Jacques Villeneuve
64%
1954 Juan Manuel Fangio
64%
1998 Mika Häkkinen
64%
1975 Niki Lauda
64%
1993 Alain Prost
59%
1989 Alain Prost
59%
1985 Alain Prost
59%
1990 Ayrton Senna
59%
1991 Ayrton Senna
59%
1988 Ayrton Senna
59%
1950 Giuseppe Farina
59%
1976 James Hunt
59%
1995 Michael Schumacher
59%
1992 Nigel Mansell
59%
1977 Niki Lauda
59%
1996 Damon Hill
55%
1957 Juan Manuel Fangio
55%
1984 Niki Lauda
55%
1986 Alain Prost
50%
1952 Alberto Ascari
50%
1953 Alberto Ascari
50%
1955 Juan Manuel Fangio
50%
1982 Keke Rosberg
50%
1974 Emerson Fittipaldi
45%
1963 Jim Clark
45%
1983 Nelson Piquet
45%
1987 Nelson Piquet
45%
1967 Deny Hulme
41%
1972 Emerson Fittipaldi
41%
1962 Graham Hill
41%
1959 Jack Brabham
41%
1966 Jack Brabham
41%
1960 Jack Brabham
41%
1973 Jackie Stewart
41%
1971 Jackie Stewart
41%
1965 Jim Clark
41%
1970 Jochen Rindt
41%
1979 Jody Scheckter
41%
1964 John Surtees
41%
1978 Mario Andretti
41%
1958 Mike Hawthorn
41%
1981 Nelson Piquet
41%
1961 Phil Hill
41%
1980 Alan Jones
36%
1968 Graham Hill
36%
1969 Jackie Stewart
36%
Aucun quiz correspondant
Distribution des résultats
% des personnes avec chaque résultat
Percentile par nombre de réponses
Votre historique - résultats
Vous n’avez pas pris ce quiz